| 000 | 00549nam a22001937a 4500 | ||
|---|---|---|---|
| 003 | DO-SdBNP | ||
| 005 | 20211026094515.0 | ||
| 007 | ta | ||
| 008 | 210713e2019 dr a|||fr|||| 00| 0 spa d | ||
| 040 |
_aDO-SdBNP _bspa _cBNPHU |
||
| 082 | 4 |
_222 _bR426s |
|
| 110 | 1 |
_aRepública Dominicana: _bConsejo del Poder Judicial _979193 |
|
| 245 | 1 | 2 | _aSistema de evaluación del desempeño. |
| 260 |
_aSanto Domingo : _bConsejo del Poder Judicial, _c2019. |
||
| 300 |
_a[12 p.]; _c19 cm. |
||
| 590 | _aInventariado 2021 / MF | ||
| 910 | _aMF | ||
| 942 |
_2ddc _cLF1 |
||
| 999 |
_c50095 _d50095 |
||